| 000 | 00796nam a22002297a 4500 | ||
|---|---|---|---|
| 003 | BD-DhUL | ||
| 005 | 20181115150021.0 | ||
| 008 | 181115s2018 bg a|||| |||| 00| 0 ben | ||
| 020 | _a9789843000006895 | ||
| 040 |
_aBD-DhUL _cBD-DhUL |
||
| 082 |
_a920 _bQUM |
||
| 100 | 1 | _aকাশেম, মুহম্মদ আবুল | |
| 245 | 1 |
_aমেঘনা নদীর বাকেঁ / _cমুহম্মদ আবুল কাশেম । |
|
| 260 |
_aঢাকা : _bপ্রকৃতি, _c২০১৮. |
||
| 300 |
_a৭০ পৃ. : _bচিত্র ; _c২২ সেমি |
||
| 365 |
_aBDT _b135.00 |
||
| 650 | 0 | _aস্মৃতিকথা | |
| 650 | 0 | _aMemoir | |
| 650 | 0 |
_aবাংলাদেশ _xইতিহাস |
|
| 650 | 0 |
_aBangladesh _xHistory |
|
| 942 |
_2ddc _cBK |
||
| 999 |
_c244658 _d244658 |
||